000
00260nam a2200109Ia 4500
008
190216s9999||||xx |||||||||||||| ||und||
100
_a
Venkiteswaran
245
0
_a
Raveendra Natha Tagore
260
_b
Orient Longman
650
_a
Jeeva Charithram
942
_c
BK
999
_c
23845
_d
23845